000 00921nam0a22002531 4500
001 rc\1151621
005 20041129084704.8
035 _a(NLR Aleph) 006397028
090 _a5206305
_c5206305
100 _a20041129d1980 u |0rusy50 ca
101 0 _arus
102 _aRU
105 _ay |||||||||
200 1 _aТехническое творчество - основа подготовки молодежи к трудовой деятельности
210 _aКиев
_cО-во "Знание" УССР
_d1980
215 _a17 с.
_d20
225 1 _aСоциально-психологические проблемы НТР
_fО-во "Знание" УССР
_v1980
320 _aБиблиогр.: с. 17 (12 назв.)
700 1 _aМоляко
_bВ. А.
_gВалентин Алексеевич
801 0 _aRU
_bNLR
_gpsbo
801 1 _aRU
_bELAR
_2rusmarc
852 _aNLR
_j81-4/3912
942 _cBOOK
980 _aNB